| 000 | 00976pam a2200241 a 4500 | ||
|---|---|---|---|
| 020 | _a0070380848 (pbk.) | ||
| 082 | 0 | 0 |
_a519.5 _bLIP _cN-01, P-145 |
| 100 | 1 |
_aLipschutz, Seymour. _98529 |
|
| 245 | 1 | 0 |
_aSchaum's outline of theory and problems of introduction to probability and statistics / _cSeymour Lipschutz, John J. Schiller, Jr. |
| 260 |
_aNew York : _bMcGraw Hill, _cc1998. |
||
| 300 |
_avi, 370 p. : _bill. ; _c28 cm. |
||
| 490 | 0 | _aSchaum's outline series | |
| 500 | _aIncludes index. | ||
| 526 |
_a0 _b0 _c0 _d519_500000000000000_LIP |
||
| 650 | 0 |
_aMathematical statistics _xOutlines, Syllabi, etc. _913073 |
|
| 650 | 0 |
_aMathematical statistics _xProblems, exercises, etc. _913074 |
|
| 650 | 0 |
_aNUST _96342 |
|
| 650 | 0 |
_aProbabilities _xOutlines, syllabi, etc. _913075 |
|
| 650 | 0 |
_aProbabilities _xProblems, exercises, etc. _913076 |
|
| 700 | 1 |
_aSchiller, John J. _913077 |
|
| 856 | 4 | 2 | _uhttp://www.loc.gov/catdir/enhancements/fy0739/98011816-b.html |
| 942 |
_2ddc _cBK |
||
| 999 |
_c543995 _d543995 |
||